Holidays by Phone Case Quiz Stats

 Plays Quiz not verified by Sporcle

Score 0/20 Timer 04:00
0 Plays Today
Holiday Answer % Correct
Father's Day
96.6%
Christmas
96.3%
Mother's Day
93.5%
Halloween
93.3%
Independence Day
91.9%
Thanksgiving
90.9%
Valentine's Day
90.9%
St. Patrick's Day
90.4%
Easter
89.8%
Earth Day
89.6%
Holiday Answer % Correct
Pi Day
89.6%
Groundhog Day
89.3%
Canada Day
87.1%
Bastille Day
80.5%
Day of the Dead
79.5%
Hanukkah
75.5%
Talk Like A Pirate Day
75%
Guy Fawkes Night
72.8%
Kwanzaa
57.2%
Remembrance Day
55.9%

You're not logged in!

Compare scores with friends on all Sporcle quizzes.
OR
Log In

Show Comments

Extras

Top Quizzes Today


Score Distribution

Your Account Isn't Verified!

In order to create a playlist on Sporcle, you need to verify the email address you used during registration. Go to your Sporcle Settings to finish the process.

Report this User

Report this user for behavior that violates our Community Guidelines.

Details: